000 00923nas a2200289 4500
001 BR2015006884
003 BR-BrBNA
005 20231205125952.0
007 ta
008 230509b bl.|||p| |||| 00| 00por d
040 _aBR-BrBNA
_bpor
_cBiblioteca Nacional de Agricultura
041 _a(En)
072 _aL51
100 1 _aHisano, H.
100 1 _aFlora, M.A.L.D.
100 1 _aPilecco, J.L.
100 1 _aMendonça, S.
245 1 _aApparent digestibility of nutrients, energy and amino acid of nontoxic and detoxified physic nut cakes for Nile tilapia
650 _aTILAPIA
650 _aPEIXE DE AGUA DOCE
650 _aJATROPHA CURCAS
650 _aOREOCHROMIS NILOTICUS
650 _aALIMENTO ALTERNATIVO
773 0 _tPesquisa Agropecuária Brasileira (Brazil)
_xISSN 0100-204X
_g(Sep 2015), v. 50(9) p. 849-853
_wBR2015006884
909 _a202311
_bLúcia
_c55
_dLúcia Elande
942 _2AGRIS
_n0
_cANA
999 _c247174
_d247174